|
LDR
| 01416nam a2200397 a 4500 |
|---|
| 001 | 3409 |
|---|
| 003 | CZ-PrJAB |
|---|
| 005 | 20160302163320.0 |
|---|
| 007 | tu |
|---|
| 008 | 981008s1998 xr e 000 mbcze |
|---|
| 015 | | . |
‡acnb000388835 |
|---|
| 020 | | . |
‡a80-7021-290-X
‡q(Vyšehrad ;
‡qbrož.) |
|---|
| 020 | | . |
‡a80-7113-229-2
‡q(Zvon ;
‡qbrož.) :
‡cKč 148,00 |
|---|
| 035 | | . |
‡a(CZ PrNK)cpk19980388835 |
|---|
| 035 | | . |
‡a(OCoLC)41047212 |
|---|
| 040 | | . |
‡aABA001
‡bcze |
|---|
| 041 | 1 | . |
‡acze
‡hita |
|---|
| 043 | | . |
‡ae-it--- |
|---|
| 045 | | . |
‡ap8q2 |
|---|
| 072 | | 7. |
‡a27
‡xKřesťanství. Křesťanská církev všeobecně. Eklesiologie
‡2Konspekt
‡95 |
|---|
| 080 | | . |
‡a23/28
‡2undef |
|---|
| 080 | | . |
‡a929
‡2undef |
|---|
| 100 | 1 | . |
‡aCardini, Franco,
‡d1940-
‡7jn19990001326
‡4aut |
|---|
| 245 | 1 | 0. |
‡aFrantišek z Assisi /
‡cFranco Cardini ; [z italského originálu ... přeložil Vítězslav Pavlík] |
|---|
| 250 | | . |
‡aVyd. 1. |
|---|
| 260 | | . |
‡aPraha :
‡bVyšehrad :
‡bZvon,
‡c1998 |
|---|
| 300 | | . |
‡a231 s. ;
‡c21 cm |
|---|
| 504 | | . |
‡aObsahuje bibliografii |
|---|
| 600 | 0 | 7. |
‡aFrantišek z Assisi,
‡csvatý,
‡d1182-1226
‡7jn19990210221
‡2czenas |
|---|
| 648 | | 7. |
‡a13. století
‡7ch460551
‡2czenas |
|---|
| 650 | 0 | 7. |
‡afrantiškáni
‡7ph120384
‡zItálie
‡y13. století
‡2czenas |
|---|
| 655 | | 7. |
‡abiografie
‡7fd131909
‡2czenas |
|---|
| 700 | 1 | . |
‡aPavlík, Vítězslav
‡7xx0177785
‡4trl |
|---|
| 765 | 0 | . |
‡tFrancesco d'Assisi
‡9Česky |
|---|
| 910 | | . |
‡aABG312 |
|---|
| 901 | | . |
‡a3409
‡bUnknown
‡c3409
‡tbiblio |
|---|